UM Logo

Adventures in Political Science; (Record no. 15025)

MARC details
000 -LEADER
fixed length control field 00582nam a22001697a 4500
008 - FIXED-LENGTH DATA ELEMENTS--GENERAL INFORMATION
fixed length control field 200206b ||||| |||| 00| 0 eng d
020 ## - INTERNATIONAL STANDARD BOOK NUMBER
International Standard Book Number 9715420656
082 ## - DEWEY DECIMAL CLASSIFICATION NUMBER
Edition number 1996
Classification number DFil 320
Item number Ag7a
100 ## - MAIN ENTRY--PERSONAL NAME
Personal name Agpalo, Remigio E.
Relator term Author
9 (RLIN) 41698
245 ## - TITLE STATEMENT
Title Adventures in Political Science;
Statement of responsibility, etc. Remigio E. Agpalo
250 ## - EDITION STATEMENT
Edition statement Revised edition
260 ## - PUBLICATION, DISTRIBUTION, ETC. (IMPRINT)
Place of publication, distribution, etc. Quezon City
Name of publisher, distributor, etc. The University of Philippine Press
Date of publication, distribution, etc. ©1996
300 ## - PHYSICAL DESCRIPTION
Extent ix, 493 pages:
Other physical details illustrations
Dimensions 26 cm.
500 ## - GENERAL NOTE
General note Includes bibliography, index
650 ## - SUBJECT ADDED ENTRY--TOPICAL TERM
Topical term or geographic name as entry element Philippines -- Politics and government
9 (RLIN) 41699
942 ## - ADDED ENTRY ELEMENTS (KOHA)
Source of classification or shelving scheme Dewey Decimal Classification
Koha item type Filipiniana
Holdings
Withdrawn status Lost status Source of classification or shelving scheme Damaged status Not for loan Collection code Home library Current library Source of acquisition Total Checkouts Full call number Barcode Date last seen Copy number Price effective from Koha item type
    Dewey Decimal Classification     Filipiniana UM Digos College - LIC UM Digos College - LIC Purchase   DFil 320 Ag7a 1996 20264 05/15/2025 c.2 02/06/2020 Filipiniana
    Dewey Decimal Classification     Filipiniana UM Digos College - LIC UM Digos College - LIC Purchase   DFil 320 Ag7a 1996 19522 05/15/2025 c.3 02/06/2020 Filipiniana
    Dewey Decimal Classification     Filipiniana UM Digos College - LIC UM Digos College - LIC Purchase   DFil 320 Ag7a 1996 20263 05/15/2025 c.1 02/06/2020 Filipiniana